Organisationsentwicklung und Organisationsberatung im Zeichen reflexiver Modernisierung
Gespeichert in:
| 1. Verfasser: | |
|---|---|
| Dokumenttyp: | Article (Journal) |
| Sprache: | Deutsch |
| Veröffentlicht: |
2002
|
| In: |
Gruppendynamik & Organisationsberatung
Year: 2002, Jahrgang: 33, Heft: 3, Pages: 339-353 |
| ISSN: | 1618-7849 |
| Online-Zugang: |
|
| Verfasserangaben: | Markus Pohlmann |
MARC
| LEADER | 00000caa a22000002c 4500 | ||
|---|---|---|---|
| 001 | 1433531321 | ||
| 003 | DE-627 | ||
| 005 | 20240705202655.0 | ||
| 007 | tu | ||
| 008 | 120411s2002 xx ||||| 00| ||ger c | ||
| 035 | |a (DE-627)1433531321 | ||
| 035 | |a (DE-576)363531327 | ||
| 035 | |a (DE-599)BSZ363531327 | ||
| 035 | |a (OCoLC)1340410587 | ||
| 040 | |a DE-627 |b ger |c DE-627 |e rakwb | ||
| 041 | |a ger | ||
| 084 | |a 14 |2 sdnb | ||
| 100 | 1 | |a Pohlmann, Markus |d 1961- |0 (DE-588)131524623 |0 (DE-627)510499201 |0 (DE-576)298562820 |4 aut | |
| 245 | 1 | 0 | |a Organisationsentwicklung und Organisationsberatung im Zeichen reflexiver Modernisierung |c Markus Pohlmann |
| 264 | 1 | |c 2002 | |
| 300 | |a 15 | ||
| 336 | |a Text |b txt |2 rdacontent | ||
| 337 | |a ohne Hilfsmittel zu benutzen |b n |2 rdamedia | ||
| 338 | |a Band |b nc |2 rdacarrier | ||
| 773 | 0 | 8 | |i In |t Gruppendynamik & Organisationsberatung |d Wiesbaden : Springer VS, 2000 |g 33(2002), 3, Seite 339-353 |w (DE-627)312369271 |w (DE-600)2010126-0 |w (DE-576)090896734 |x 1618-7849 |7 nnas |a Organisationsentwicklung und Organisationsberatung im Zeichen reflexiver Modernisierung |
| 773 | 1 | 8 | |g volume:33 |g year:2002 |g number:3 |g pages:339-353 |g extent:15 |a Organisationsentwicklung und Organisationsberatung im Zeichen reflexiver Modernisierung |
| 776 | 0 | 8 | |i Erscheint auch als |n Online-Ausgabe |t Organisationsentwicklung und Organisationsberatung im Zeichen reflexiver Modernisierung |d Heidelberg : Universitätsbibliothek der Universität Heidelberg, 2002 |h Online-Ressource |w (DE-627)164719864X |w (DE-576)285702025 |
| 951 | |a AR | ||
| 992 | |a 20120411 | ||
| 993 | |a Article | ||
| 998 | |g 131524623 |a Pohlmann, Markus |m 131524623:Pohlmann, Markus |d 910000 |d 950000 |d 950950 |e 910000PP131524623 |e 950000PP131524623 |e 950950PP131524623 |k 0/910000/ |k 1/910000/950000/ |k 2/910000/950000/950950/ |p 1 |x j |y j | ||
| 999 | |a KXP-PPN1433531321 |e 2710757222 | ||
| BIB | |a Y | ||
| SER | |a journal | ||
| JSO | |a {"title":[{"title":"Organisationsentwicklung und Organisationsberatung im Zeichen reflexiver Modernisierung","title_sort":"Organisationsentwicklung und Organisationsberatung im Zeichen reflexiver Modernisierung"}],"language":["ger"],"origin":[{"dateIssuedKey":"2002","dateIssuedDisp":"2002"}],"name":{"displayForm":["Markus Pohlmann"]},"person":[{"display":"Pohlmann, Markus","given":"Markus","family":"Pohlmann","role":"aut"}],"id":{"eki":["1433531321"]},"physDesc":[{"extent":"15 S."}],"type":{"bibl":"article-journal"},"recId":"1433531321","relHost":[{"type":{"bibl":"periodical"},"pubHistory":["31.2000-46. Jahrgang, Heft 3/4 (Dezember 2015)"],"recId":"312369271","language":["ger"],"origin":[{"dateIssuedKey":"2000","publisher":"Springer VS ; Leske + Budrich ; VS Verl. für Sozialwissenschaften, Springer Fachmedien","dateIssuedDisp":"2000-[2015]","publisherPlace":"Wiesbaden ; Opladen ; Wiesbaden"}],"titleAlt":[{"title":"Gruppendynamik"},{"title":"Gruppendyn Organisationsberat"},{"title":"Gruppendynamik und Organisationsberatung"},{"title":"Zeitschrift für angewandte Sozialpsychologie"}],"title":[{"title":"Gruppendynamik & Organisationsberatung","title_sort":"Gruppendynamik & Organisationsberatung","subtitle":"Zeitschrift für die Entwicklung von Gruppen, Personen und Organisationen"}],"id":{"eki":["312369271"],"issn":["1618-7849"],"zdb":["2010126-0"]},"part":{"issue":"3","text":"33(2002), 3, Seite 339-353","volume":"33","pages":"339-353","year":"2002","extent":"15"},"disp":"Organisationsentwicklung und Organisationsberatung im Zeichen reflexiver ModernisierungGruppendynamik & Organisationsberatung"}]} | ||
| SRT | |a POHLMANNMAORGANISATI2002 | ||